000 00367 a2200133 4500
005 20250530134614.0
020 _a9966-28-646-2
082 _a651.75 SAL
100 _aSALEEMI, N .A.
245 _aBusiness Communication and Report Writing Simplified
260 _aNairobi,
_bSaleemi publications Ltd,
_c2013.
300 _av, 468p.:figures.
_c23cm.
942 _2ddc
_cBKS
999 _c2898
_d2898